LEADER 00809nam0-2200265 --450 001 9910496810203321 005 20211004131815.0 100 $a20211004d1949----kmuy0itay5050 ba 101 0 $aita 102 $aIT 105 $ay 001yy 200 1 $aAgronomia$ead uso degli istituti tecnici agrari e per geometri, dei professionisti e degli agricoltori$fGiuseppe Antonelli 210 $aFirenze$cOfiria$dstampa 1949 215 $aIX, 377 p.$d23 cm 225 1 $aManuali tecnici e scientifici 610 0 $aAgronomia 676 $a630$v23$zita 700 1$aAntonelli,$bGiuseppe$f$0303425 801 0$aIT$bUNINA$gREICAT$2UNIMARC 901 $aBK 912 $a9910496810203321 952 $a60 DONO MATARAZZO 14$b513/2021$fFAGBC 959 $aFAGBC 996 $aAgronomia$91875621 997 $aUNINA LEADER 01483nam 2200445 450 001 9910825094903321 005 20200520144314.0 010 $a1-78570-426-5 035 $a(CKB)3710000001400596 035 $a(Au-PeEL)EBL4873000 035 $a(CaPaEBR)ebr11394614 035 $a(OCoLC)990011996 035 $a(MiAaPQ)EBC4873000 035 $a(EXLCZ)993710000001400596 100 $a20060927d2006 uy| 0 101 0 $aeng 135 $aurcnu|||||||| 181 $2rdacontent 182 $2rdamedia 183 $2rdacarrier 200 10$aDogs and people in social, working, economic or symbolic interaction /$fedited by Lynn M. Snyder and Elizabeth A. Moore 210 1$aOxford :$cOxbow Books,$d2006. 215 $a1 online resource (159 pages) $cillustrations, maps 300 $a"Proceedings of the 9th conference of the International Council of Archaeozoology, Durham, August 2002." 311 $a1-78570-399-4 320 $aIncludes bibliographical references. 606 $aAnimal remains (Archaeology)$vCongresses 606 $aDogs$xEvolution$vCongresses 615 0$aAnimal remains (Archaeology) 615 0$aDogs$xEvolution 676 $a636.7009 702 $aSnyder$b Lynn M. 702 $aMoore$b Elizabeth A. 801 0$bMiAaPQ 801 1$bMiAaPQ 801 2$bMiAaPQ 906 $aBOOK 912 $a9910825094903321 996 $aDogs and people in social, working, economic or symbolic interaction$94091092 997 $aUNINA